| 000 | 00685cam a22002531 4500 | ||
|---|---|---|---|
| 001 | 6568773 | ||
| 003 | OSt | ||
| 005 | 20230714113449.0 | ||
| 008 | 740730s1961 enk 000 0 eng | ||
| 010 | _a 62051545 | ||
| 015 | _aGB61-20792 | ||
| 035 | _a(OCoLC)967387 | ||
| 040 |
_aDLC _cOClW _dOCoLC _dUk _dDLC |
||
| 042 | _apremarc | ||
| 082 |
_a362.9 _bBRU |
||
| 100 | 1 | _aBruce, Maurice. | |
| 245 | 1 | 4 | _aThe coming of the welfare state. |
| 260 |
_aLondon, _bB.T. Batsford _c[1961] |
||
| 300 |
_a307 p. _c23 cm. |
||
| 650 | 0 |
_aPublic welfare _zGreat Britain. |
|
| 650 | 0 |
_aSocial security _zGreat Britain. |
|
| 906 |
_a7 _bcbc _coclcrpl _du _encip _f19 _gy-gencatlg |
||
| 942 |
_2ddc _cBK |
||
| 999 |
_c3963 _d3963 |
||